000 00753nam a22002057a 4500
999 _c17462
_d17462
003 AR-CdUCM
008 190508b ||||| |||| 00| 0 spa d
040 _aMUNICIPALIDAD PROVINCIAL DEL CUSCO
_cBIBLIOTECA MUNICIPAL DEL CUSCO
082 _a973.009 /
_bF81
100 _aFäy, Bernard
_937495
245 _aFranklin, el apóstol de los tiempos modernos /
260 _aBuenos Aires :
_bEdit. Juventud Argentina,
_c1943.
300 _a391 páginas ;
_c23 cm.
505 _aContenido: Los albores del radiccal siglo XVIII -- El camino de la prosperidad -- El doctor Franklin construye un imperio...
650 _aCientíficos
_93270
650 _aEstados Unidos
_91805
650 _aBiografía
_922
942 _2ddc
_cLIBROS
945 _adavv
_d2019-05-08